000 00590nam a22001457a 4500
020 _a978-93-5629-152-2
082 _a823
_bAMI/W
100 _aAMISH TRIPATHI
245 _aWAR OF LANKA
_bRAM CHANDRA SERIES BOOK 4
260 _aGURUGAON
_bHARPERCOLLINS INDIA
_c2022
300 _a475
520 _a"War of Lanka" specifically focuses on the final battle between the forces of Lord Ram and the demon king Ravana, which takes place in the city of Lanka. The book explores themes of good versus evil, loyalty, love, and the importance of duty and honor.
650 _aNOVEL
_zINDIA
942 _cBK
999 _c2546
_d2546